| 000 | 00796nam a2200217 i 4500 | ||
|---|---|---|---|
| 001 | 140147 | ||
| 003 | ES-MaACL | ||
| 005 | 20230906200022.0 | ||
| 007 | t| | ||
| 008 | 070214s1953 sp |||| |aspa d | ||
| 100 | 1 |
_aSchulten, Adolf. _9104768 |
|
| 245 | 1 | 0 |
_aCincuenta y cinco años de investigación en España / _cAdolf Schulten ; versión Miguel Carreras Dexeus ; con la colaboración de C. Martínez Peñalver. |
| 246 | 3 | _a55 años de investigación en España | |
| 260 |
_aReus : _bTorrell de Reus, _c1953. |
||
| 300 |
_a73 p., 1 lám. : _bil. ; _c25 cm. |
||
| 600 | 1 | 4 |
_aSchulten, Adolf. _9104768 |
| 650 |
_aExcavaciones arqueológicas- _zEspaña. _9152471 |
||
| 700 | 1 |
_aCarreras Dexeus, Miguel. _935671 |
|
| 700 | 1 |
_aMartínez Peñalver, C. _978320 |
|
| 852 |
_aES-MaACL _j1962-F-16 |
||
| 999 |
_c140147 _d140147 |
||